Search the Library Catalogue
| 000 -LEADER | |
|---|---|
| fixed length control field | 00456nam a2200169Ia 4500 |
| 008 - FIXED-LENGTH DATA ELEMENTS--GENERAL INFORMATION | |
| fixed length control field | 191130s2007##################000#0#eng## |
| 020 ## - INTERNATIONAL STANDARD BOOK NUMBER | |
| ISBN | 9780077214579 |
| 082 ## - DEWEY DECIMAL CLASSIFICATION NUMBER | |
| Classification number | 650.01513 SLA |
| 100 ## - MAIN ENTRY--AUTHOR NAME | |
| Personal name | Slater, Jeffrey |
| 245 ## - TITLE STATEMENT | |
| Title | Practical business math procedures |
| Statement of responsibility, etc | Jeffrey Slater |
| 250 ## - EDITION STATEMENT | |
| Edition statement | 9th ed |
| 260 ## - PUBLICATION, DISTRIBUTION, ETC. (IMPRINT) | |
| Place of publication | New York |
| Name of publisher | McGraw Hill |
| Year of publication | 2007 |
| 991 ## - | |
| -- | 359704 |
| Withdrawn status | Lost status | Damaged status | Not for loan | Home library | Current library | Shelving location | Date acquired | Full call number | Accession Number | Price effective from | Koha item type |
|---|---|---|---|---|---|---|---|---|---|---|---|
| Anna Centenary Library | Anna Centenary Library | 6TH FLOOR, A WING | 15.10.2020 | 650.01513 SLA | 407826 | 15.10.2020 | English Books |